000 00302nmm a2200097Ia 4500
008 220120s9999||||xx |||||||||||||||||und||
020 _a81-265-0210-X
100 _aGupta, Vikas and Kognet solutions Inc.
_95836
245 0 _aComputer concepts and C programming
260 _aKognet solutions Inc.
_bNew Delhi
999 _c139584
_d139584